000 00700cam a22002413a 4500
001 1336
003 PGUSA
005 20140828083000.0
008 980601s1998||||xxu|||||s|||||000 | eng d
040 _aPGUSA
_beng
042 _adc
050 4 _aPR
100 1 _aThompson, Francis,
_d1859-1907
245 1 0 _aShelley :
_bAn Essay
_h[electronic resource] /
_cFrancis Thompson
260 _bProject Gutenberg,
_c1998
506 _aPublic domain in the USA.
516 _aElectronic text
653 _aShelley, Percy Bysshe, 1792-1822
653 _aPoets, English -- 19th century -- Biography
830 0 _aProject Gutenberg
_v1336
856 4 0 _uhttp://www.gutenberg.org/ebooks/1336
942 _cEB
999 _c230684
_d230684